| 000 | 00721nas a2200241 4500 | ||
|---|---|---|---|
| 001 | BR7702646 | ||
| 003 | BR-BrBNA | ||
| 005 | 20231205083202.0 | ||
| 007 | ta | ||
| 008 | 230509b bl.|||p| |||| 00| 00por d | ||
| 040 |
_aBR-BrBNA _bpor _cBiblioteca Nacional de Agricultura |
||
| 041 | _a(Pt) | ||
| 072 | _aF00; F27 | ||
| 100 | 1 | _aParente, F.C. | |
| 245 | 1 | _aAlguns indicadores para o cultivo do feijao [Phaseolus vulgaris; Plantio; Cultivo do solo; Brasil] | |
| 650 | _aProducao vegetal | ||
| 650 | _aCultivo do solo | ||
| 650 | _aFeijao | ||
| 650 | _aPlantio | ||
| 773 | 0 |
_tEMATER-Rio Revista (Brazil) _x _g(Jul 1977), v. 1(2) p. 28 _wBR7702646 |
|
| 909 |
_a202311 _bLúcia _c55 _dLúcia Elande |
||
| 942 |
_2AGRIS _n0 _cANA |
||
| 999 |
_c96998 _d96998 |
||